000
00342 a2200169 4500
001
187056
020
_a
85-08-01897-5
040
_c
Magnum
100
_a
Leão, Jayme
240
1
0
_a
Menino de asas
_l
por
245
1
0
_a
Menino de asas
300
_a
79
362
0
_a
2006
440
1
_a
Ática
697
_a
LITERATURA JUVENIL
942
_c
BK
999
_c
187056
_d
187056